| 000 | 00762nam a22002297a 4500 | ||
|---|---|---|---|
| 999 |
_c19263 _d19263 |
||
| 003 | AR-CdUCM | ||
| 008 | 190517b ||||| |||| 00| 0 spa d | ||
| 040 |
_aMUNICIPALIDAD PROVINCIAL DEL CUSCO _cBIBLIOTECA MUNICIPAL DEL CUSCO |
||
| 082 |
_a595.7 / _bQ62 |
||
| 100 |
_aQuintanilla, Raúl H. _940492 |
||
| 245 | _aGlosario de términos entomológicos / | ||
| 260 |
_aBuenos Aires : _bEUDEBA, _c1969. |
||
| 300 |
_aX, 106 páginas ; _bilustraciones, láminas, _c23 cm. |
||
| 440 |
_aManuales de EUDEBA / Zoología. _940493 |
||
| 505 | _aContenido: Abdomen -- Sygum. | ||
| 650 |
_aZoología _918986 |
||
| 650 |
_aEspecies _940237 |
||
| 650 |
_aEstudio insectos _940494 |
||
| 700 |
_aFraga, César P. _940495 |
||
| 942 |
_2ddc _cLIBROS |
||
| 945 |
_aachl _d2019-05-17 |
||